| 000 | 01062cam a2200325 i 4500 | ||
|---|---|---|---|
| 001 | 200451228 | ||
| 999 |
_c200451228 _d69440 |
||
| 003 | TR-AnTOB | ||
| 005 | 20250408151505.0 | ||
| 007 | ta | ||
| 008 | 170105s2002 tu a $r18 01 $$ tu 85185tur u | ||
| 020 | _a97517300074 | ||
| 040 |
_aTR-AnTOB _beng _erda _cTR-AnTOB |
||
| 041 | 0 | _atur | |
| 044 | _ctu | ||
| 050 | 1 | 4 |
_aDL631 _b.O97 2002 |
| 090 | 1 | 0 |
_aDL631 _b.O97 2002 |
| 100 | 1 |
_aÖzsoy, Murat, _d1958- _eauthor _959412 |
|
| 245 | 1 | 0 |
_aİsveç ve filmin ikinci yarısı / _cMurat Özsoy. |
| 250 | _aBirinci baskı | ||
| 264 | 1 |
_aAnkara : _bT.C. Kültür Bakanlığı, _c2002. |
|
| 300 |
_axv, 218 pages : _bphotographs ; _c20 cm |
||
| 336 |
_atext _btxt _2rdacontent |
||
| 337 |
_aunmediated _bn _2rdamedia |
||
| 338 |
_avolume _bnc _2rdacarrier |
||
| 490 | 0 |
_aT.C. Kültür Bakanlığı yayınları ; _v2919 _aYayımlar dairesi başkanlığı sanat-edebiyat eserleri dizisi ; _v424-149 |
|
| 653 | _aİsveç -- Gezi ve tanıtım | ||
| 653 | _aİsveç -- Sosyal yaşam ve gelenekler | ||
| 942 |
_2lcc _cBK |
||